header

ExamWise for CIW Internetworking Professional exam 1D0-460] (Record no. 73426)

MARC details
000 -LEADER
fixed length control field 01334nam a2200313Ia 4500
100 1# - MAIN ENTRY--AUTHOR NAME
Personal name Bayer, Chad M.
245 10 - TITLE STATEMENT
Title ExamWise for CIW Internetworking Professional exam 1D0-460]
260 ## - PUBLICATION, DISTRIBUTION, ETC. (IMPRINT)
Place of publication Friendswood, Tx. :
Name of publisher TotalRecall Publications,
Year of publication c2003.
300 ## - PHYSICAL DESCRIPTION
Number of Pages xi, 315 p.
650 #0 - SUBJECT ADDED ENTRY--TOPICAL TERM
Topical Term Internetworking (Telecommunication)
Topical Term Electronic data processing personnel
Topical Term Microsoft software
856 40 - ELECTRONIC LOCATION AND ACCESS
Uniform Resource Identifier http://site.ebrary.com/lib/rucke/Doc?id=10077787

No items available.

© 2026 Rongo University
Contact us: librarian | system librarian | Rongo university